000 00766nam a2200229Ia 4500
008 191130s1991##################000#0#eng##
020 _a97802224175
022 _a91015799
040 _aACL
_cACL
082 _a327.47 FLE
245 _aClassic issues in Soviet foreign policy : from Lenin to Brezhnev
_cFrederic J. Fleron, Jr., Erik P. Hoffmann, Robbin F. Laird, editors
260 _aNew York
_bAldine de Gruyter
_cc1991
300 _axiii, 349 p. : ill. ; 23 cm
500 _aIncludes bibliographical references and index
650 _aSoviet Union - Foreign relations
700 _aFleron, Frederic J
700 _aHoffmann, Erik P
700 _aLaird, Robbin F
990 _afb377c6dac10000c6a7c25b1cee5a6ed
991 _a132367
999 _c130256
_d130256